000 00673nam a2200241Ia 4500
003 OSt
005 20220928113721.0
006 a|||||r|||| 00| 0
007 ta
008 220927b |||||||| |||| 00| 0 eng d
024 _a40790
037 _cTextual
040 _aSDCL
_cSDCL
_beng
041 _2eng
_aeng
082 _aR:(P), N6
100 _aWhite Roger M
_9434673
245 0 _aStructure of metaphor
_b The way the language of metaphar works.
260 _aLondon
_bBlackwell Publishers
_c1996
300 _avii,349p.
_ccm.
490 _aPhilosophical theory.
942 _hR:(P), N6
_cTEXL
_2CC
999 _c750972
_d750972